El páramo como espacio de mitigación de carbono atmosférico / (Registro nro. 19798)
[ vista simple ]
| 000 -CABECERA | |
|---|---|
| Campo de control | 00946nam a22002777a 4500 |
| 005 - FECHA Y HORA DE LA ULTIMA TRANSACCION | |
| Campo de control | 20170901143712.0 |
| 008 - ELEMENTOS DE LONGITUD FIJA—INFORMACION GENERAL | |
| Campo de control | 141107s1999 ec a gr 00010 spa d |
| 020 ## - ISBN | |
| ISBN | 9978045260 |
| 022 ## - ISSN | |
| ISSN | 13901222 |
| 040 ## - FUENTE DE CATALOGACIÓN | |
| Agencia catalogadora original | CO-BoIAVH |
| Agencia transcriptora | CO-BoIAVH |
| 041 ## - IDIOMA | |
| Código de idioma para texto/pista de sonido o título separado | Español |
| 044 ## - PAÍS DE PUBLICACIÓN | |
| País de publicación | Ecuador |
| 082 04 - NUMERO DE CLASIFICACION DECIMAL DEWEY | |
| Número de clasificación | 577.38 |
| Número del ítem | P1 |
| 245 03 - MENCION DE TITULO | |
| Título | El páramo como espacio de mitigación de carbono atmosférico / |
| Mención de responsabilidad | editado Galo Medina y Patricio Mena |
| 260 3# - PUBLICACION, DISTRIBUCION, ETC. (PIE DE IMPRENTA) | |
| Lugar de publicación, distribución, etc. | Quito : |
| Nombre del editor, distribuidor, etc. | Ediciones Abya-Yala, |
| Fecha de publicación, distribución, etc. | 1999. |
| 300 ## - DESCRIPCION FISICA | |
| Extensión | 62 páginas: |
| Dimensiones | 21 cm. |
| 490 ## - MENCION DE SERIE | |
| Mención de serie | Páramo |
| Designación numérica/secuencial del volumen | 1 |
| 504 ## - NOTA DE BIBLIOGRAFIA, ETC. | |
| Nota de bibliografía | Incluye bibliografías. |
| 650 #6 - ASIENTO SECUNDARIO DE MATERIA - TERMINO TEMATICO | |
| Término temático o nombre geográfico como elemento de entrada | Conservación de páramos |
| Subdivisión geográfica | Ecuador |
| 9 (RLIN) | 83855 |
| 650 #6 - ASIENTO SECUNDARIO DE MATERIA - TERMINO TEMATICO | |
| Término temático o nombre geográfico como elemento de entrada | Páramos |
| Subdivisión de forma | Mitigación de carbono |
| Subdivisión geográfica | Ecuador |
| 9 (RLIN) | 83856 |
| 650 #6 - ASIENTO SECUNDARIO DE MATERIA - TERMINO TEMATICO | |
| Término temático o nombre geográfico como elemento de entrada | Servicios ambientales |
| Subdivisión geográfica | Ecuador |
| 9 (RLIN) | 83857 |
| 700 1# - ASIENTO SECUNDARIO - NOMBRE PERSONAL | |
| Nombre personal | Mena-Vásconez, Patricio, |
| Término de relación | editor |
| 9 (RLIN) | 3165 |
| 700 1# - ASIENTO SECUNDARIO - NOMBRE PERSONAL | |
| Nombre personal | Medina, Galo |
| Término de relación | editor |
| 9 (RLIN) | 13261 |
| 710 2# - ASIENTO SECUNDARIO - NOMBRE CORPORATIVO | |
| Nombre corporativo o de jurisdicción como elemento de entrada | Grupo de Trabajo en Páramos del Ecuador (GTP) |
| 9 (RLIN) | 9447 |
| 942 ## - ELEMENTOS ADICIONALES (KOHA) | |
| Sistema de clasificación | Dewey Decimal Classification |
| Tipo de ítem | Libro |
| Withdrawn status | Lost status | Sistema de Clasificación | Volumen | Damaged status | No para préstamo | Colección | Inventariado | Ubicación Permanente | Ubicación actual | Fecha de adquisición | Valor | Total Checkouts | Número topográfico | Inventario / Código de Barras | Date last seen | Ejemplar | Price effective from | Forma de adquisición | Tipo de material |
|---|---|---|---|---|---|---|---|---|---|---|---|---|---|---|---|---|---|---|---|
| Dewey Decimal Classification | 1 | General | Inventariado 2017 | Bogotá | Bogotá | 01/09/2017 | 39000.00 | LB-577.38 P1 | 008463 | 01/09/2017 | Ej. 1 | 01/09/2017 | Donación | Libro |